| 000 | 00483nam a2200181Ia 4500 | ||
|---|---|---|---|
| 003 | OSt | ||
| 005 | 20250116162716.0 | ||
| 008 | 210210b1950 xxu||||| |||| 00| 0 eng d | ||
| 040 | _cAL | ||
| 041 | _akan | ||
| 082 | _a859/38 | ||
| 100 |
_aKRASHNARAYA (A N) _9147934 _dಕೃಷ್ಣರಾಯ (ಅ ನ ಕೃ) |
||
| 245 |
_aAmara August _bಅಮರ ಆಗಸ್ಟ್ |
||
| 260 |
_aBengaluru _b- _c1950 |
||
| 690 |
_aKannada Fiction _9147935 |
||
| 906 | _a020823 | ||
| 942 |
_2ddc _cBK |
||
| 999 |
_c144981 _d144981 |
||